Statistics for Biggest Cities in South America - Extreme

Click here to take the quiz!

General Stats

  • This quiz has been taken 37 times
  • The average score is 33 of 47

Answer Stats

Pop.CountryCity% Correct
10,00 milColombiaBogotá
100%
16,85 milArgentinaBuenos Aires
100%
3,80 milVenezuelaCaracas
100%
2,17 milBoliviaLa Paz
100%
11,40 milPeruLima
100%
4,15 milColombiaMedellín
100%
13,30 milBrazilRio de Janeiro
100%
8,00 milChileSantiago
100%
22,70 milBrazilSão Paulo
100%
2,42 milParaguayAsunción
97%
5,15 milBrazilBelo Horizonte
97%
2,27 milBrazilManaus
97%
2,85 milEcuadorQuito
97%
4,10 milBrazilBrasília
94%
1,87 milUruguayMontevideo
94%
3,65 milBrazilSalvador
91%
3,92 milColombiaCali
88%
3,25 milEcuadorGuayaquil
88%
3,87 milBrazilRecife
85%
1,69 milArgentinaCórdoba
79%
3,50 milBrazilCuritiba
76%
3,75 milBrazilFortaleza
76%
2,70 milVenezuelaMaracaibo
76%
2,20 milColombiaBarranquilla
74%
2,25 milBrazilBelém
74%
1,39 milArgentinaRosario
74%
1,25 milColombiaCartagena
71%
4,17 milBrazilPorto Alegre
71%
2,23 milBoliviaSanta Cruz
71%
1,44 milBrazilNatal
68%
1,04 milChileValparaíso
65%
1,11 milArgentinaMendoza
62%
1,46 milBrazilSão Luís
62%
3,27 milBrazilCampinas
53%
2,00 milVenezuelaValencia
53%
2,50 milBrazilGoiânia
50%
1,40 milBoliviaCochabamba
47%
1,02 milBrazilFlorianópolis
41%
1,77 milBrazilSantos
41%
1,32 milVenezuelaBarquisimeto
32%
1,30 milColombiaBucaramanga
29%
1,45 milVenezuelaMaracay
26%
1,08 milArgentinaTucumán
26%
1,13 milBrazilMaceió
24%
1,90 milBrazilVitória
24%
1,15 milBrazilJoão Pessoa
21%
1,05 milBrazilTeresina
12%

Score Distribution

Percentile by Number Answered

Percent of People with Each Score

Your Score History

You have not taken this quiz